000 00591nam a2200193 i 4500
001 105514
003 ES-MaACL
005 20230906183917.0
007 t|
008 060720s1970 fr ||||1| fre d
080 _a959.7
100 1 _aNguyen Khac Vien.
_985524
245 1 0 _aExpériences vietnamiennes /
_cNguyen Khac Vien ; introduction de Charles Fourniau.
260 _aParis :
_bEditions Sociales,
_c[1970]
300 _a270 p. ;
_c22 cm.
651 4 _aVietnam-
_xHistoria.
_99537
700 1 _aFourniau, Charles.
_951969
852 _aES-MaACL
_jAND-299
_z- Biblioteca Juan Andrade
999 _c105514
_d105514